Five Night's at Freddy's Lyrics - Statistics

General Stats
  • This quiz has been taken 59 times
  • The average score is 29 of 56
Answer Stats
Answer % Correct
We're waiting every {night}
100%
For many years we've been all {alone}
86%
To finally {roam} and invite
86%
{Newcomers} to play with us
84%
We're forced to be {still} and play
84%
The same {songs} we've known since that day
70%
Now we're stuck here to {decay}
66%
Is this {where} you wanna be?
64%
We are poor little {souls}
64%
We're not like what you're {thinking}
64%
Don't {lock} us away
61%
Five Night's at {Freddy's}
61%
{Five} Nights at Freddy's
61%
I just don't {get} it
61%
And we're forced to here to take that {role}
59%
Since {1987}
59%
We've {been} all alone
59%
Why do you want to {stay}?
59%
Five {Nights} at Freddy's
57%
I just don't get {it}
57%
Please let us {get} in
57%
Stuck in our little {zone}
57%
Who have lost all {control}
57%
{Join} us, be our friend
52%
Maybe you've been in {this} place before
52%
You should have looked for another {job}
52%
Is this where {you} be?
50%
{Please} let us get in
50%
Why do you {want to} stay?
50%
You should have said to this place {good-bye}
48%
Don't {lock} us away
45%
Five Nights {at Freddy's}
43%
{Five Night's} at Freddy's
43%
Join us, be our {friend}
43%
Or just be stuck and {defend}
43%
Stuck in our little zone since {1987}
43%
We are poor {little} souls
43%
We {remember} a face like yours
43%
We're really quite {surprised}
43%
We've been all {alone}
43%
You seem acquainted with those {doors}
43%
And we're {forced} here to take that role
41%
I just don't get {it}
41%
It's like there's {so much} more
41%
That we get to see you {another night}
41%
Why do you want to {stay}?
41%
An {impostor} took our life away
39%
{Five Nights at Freddy's}
39%
I just {don't get it}
39%
Or just be {stuck and defend}
39%
We're {not like} what you're thinking
39%
Who have lost all {control}
39%
{After} all you got
36%
{Why do you want} to stay?
36%
Is this where {you wanna} be?
34%
Is this where you {wanna be}?
32%
No matching quizzes found
Score Distribution
Percent of People with Each Score
Percentile by Number Answered
Your Score History
You have not taken this quiz